Pengisian dunia sastera

Bibliographic Details
Main Author: Othman Puteh
Format: Book
Published: Kuala Lumpur : Dewan Bahasa dan Pustaka , 2000
Subjects:

MARC

LEADER 00000cam a2200000 7i4500
001 0000015215
005 20080319.0
008 080319
020 |a 9836244174 
090 0 0 |a 899.23   |b OTH 
100 1 |a Othman Puteh 
245 1 0 |a Pengisian dunia sastera   |c Othman Puteh 
260 |a Kuala Lumpur :   |b Dewan Bahasa dan Pustaka ,   |c 2000 
650 0 |a Malay literature 
650 0 |a Malay literature   |x study and teaching 
650 0 |a Short stories, Malay   |x history and criticism 
999 |a 0001016411   |b Book   |c Adult Collection   |e Cawangan Bandar Tenggara